000 00654nam a2200193Ia 4500
005 20250508163027.0
008 008 250505s9999 xx 000 0 eng d
037 _aDissertations
040 _aFEDL
_beng
_cFEDL
041 _aeng
_2eng
084 _a954, SUS/DI
_qFEDL
100 _aSushma Rani
245 0 _aInvestigation into the socio-economic and educational background of the students offering history as an elective subject at senior secondary level in the schools of Delhi
260 _c1984
300 _a120p.
546 _aM.Ed. Dissertation (Delhi University)
942 _cDIS
_h954, SUS/DI
999 _c1380354
_d1380354